Langues officielles par pays d'Océanie - Statistiques

Statistiques générales
  • Ce quiz a été pris 164 fois
  • Le résultat moyen est 13 sur 14
Statistiques - réponses
Pays Langue % Correct
Australie Anglais
100%
Micronésie Anglais
99%
Fidji Anglais / Fidjien / Hindi des Fidji
99%
Îles Marshall Marshallais / Anglais
99%
Kiribati Gilbertin / Anglais
98%
Nouvelle-Zélande Anglais / Māori
97%
Palaos Anglais / Paluan / Japonais
95%
Vanuatu Bichelamar / Français / Anglais
95%
Tonga Tongien / Anglais
95%
Salomon Anglais
94%
Samoa Samoan / Anglais
94%
Tuvalu Tuvaluan / Anglais
94%
Papouasie-Nouvelle-Guinée Anglais / Tok pisin / Hiri motu
92%
Nauru Nauruan
42%
Aucun quiz correspondant
Distribution des résultats
% des personnes avec chaque résultat
Percentile par nombre de réponses
Votre historique - résultats
Vous n’avez pas pris ce quiz